|
|
|
|
| LEADER |
00000naa2a2200000 4500 |
| 001 |
261123 |
| 005 |
20231031221451.0 |
| 035 |
|
|
|a (RuTPU)RU\TPU\book\284097
|
| 035 |
|
|
|a RU\TPU\book\284091
|
| 090 |
|
|
|a 261123
|
| 100 |
|
|
|a 20140521d2012 k y0rusy50 ca
|
| 101 |
0 |
|
|a rus
|
| 102 |
|
|
|a RU
|
| 200 |
1 |
|
|a Тяжелые металлы и радионуклиды, как фактор риска для биоты, в экологическом мониторинге нефтедобывающих районов Западной Сибири
|f С. Н. Гашев
|
| 225 |
1 |
|
|a Влияние антропогенного загрязнения природной среды тяжелыми металлами и радионуклидами на популяции живых организмов и экосистемы
|
| 320 |
|
|
|a Библиогр.: с. 577-578 (22 назв.)
|
| 461 |
|
1 |
|0 (RuTPU)RU\TPU\book\270768
|y 978-601-7332-72-3
|t Тяжелые металлы и радионуклиды в окружающей среде
|o материалы VII Международной научно-практической конференции, 4-8 октября 2012 г., г. Семипалатинск (Семей)
|f Семипалатинский государственный педагогический институт ; Российская академия наук (РАН), Институт геохимии и аналитической химии (ГЕОХИ) ; Московский государственный университет им. М. В. Ломоносова (МГУ) ; Национальный исследовательский Томский политехнический университет (ТПУ) ; Российская академия наук (РАН), Сибирское отделение (СО), Институт почвоведения и агрохимии (ИПА) ; под ред. М. А. Бектемесова
|d 2012
|
| 463 |
|
1 |
|0 (RuTPU)RU\TPU\book\269462
|t Т. 2
|v С. 572-578
|d 2012
|p 713 с.
|
| 610 |
1 |
|
|a тяжелые металлы
|
| 610 |
1 |
|
|a радионуклиды
|
| 610 |
1 |
|
|a риск
|
| 610 |
1 |
|
|a биота
|
| 610 |
1 |
|
|a экологический мониторинг
|
| 610 |
1 |
|
|a нефтедобывающие районы
|
| 610 |
1 |
|
|a Западная Сибирь
|
| 700 |
|
1 |
|a Гашев
|b С. Н.
|
| 801 |
|
1 |
|a RU
|b 63413507
|c 20140507
|
| 801 |
|
2 |
|a RU
|b 63413507
|c 20140521
|g RCR
|
| 942 |
|
|
|c BK
|